School in Colonial America / (Record no. 3820)

MARC details
000 -LEADER
fixed length control field 01022cam a22002654a 4500
005 - DATE AND TIME OF LATEST TRANSACTION
control field 20250903084344.0
020 ## - INTERNATIONAL STANDARD BOOK NUMBER
International Standard Book Number 9780516234946
040 ## - CATALOGING SOURCE
Original cataloging agency DLC
Transcribing agency DLC
Modifying agency DLC
Language of cataloging eng
050 00 - LIBRARY OF CONGRESS CALL NUMBER
Classification number LA205.F5
Item number 2002
082 00 - DEWEY DECIMAL CLASSIFICATION NUMBER
Classification number 370.973
100 1# - MAIN ENTRY--PERSONAL NAME
Personal name Thomas, Mark
Dates associated with a name 1963 September 8-
245 10 - TITLE STATEMENT
Title School in Colonial America /
Statement of responsibility, etc. by Mark Thomas
260 ## - PUBLICATION, DISTRIBUTION, ETC.
Place of publication, distribution, etc. New York :
Name of publisher, distributor, etc. Children's Press,
Date of publication, distribution, etc. 2002
300 ## - PHYSICAL DESCRIPTION
Extent 24 pages :
Other physical details color illustrations ;
Dimensions 16 cm .
490 ## - SERIES STATEMENT
Series statement Welcome Books
505 ## - FORMATTED CONTENTS NOTE
Formatted contents note J <br/>
520 ## - SUMMARY, ETC.
Summary, etc. What was life like before electricity, gas stoves, and the telphone? Students will have fun learn what life was like hundreds of years ago. From clothing and food to games and school, readers will find out about day-to-day life during the colonial times.
521 ## - TARGET AUDIENCE NOTE
Target audience note 460 <br/>
Source Lexile <br/>
521 ## - TARGET AUDIENCE NOTE
Target audience note J <br/>
Source Raz-Plus <br/>
650 #0 - SUBJECT ADDED ENTRY--TOPICAL TERM
Topical term or geographic name entry element Education
Geographic subdivision United States
General subdivision History
Form subdivision Juvenile literature.
650 #1 - SUBJECT ADDED ENTRY--TOPICAL TERM
Topical term or geographic name entry element Schools
General subdivision History.
906 ## - LOCAL DATA ELEMENT F, LDF (RLIN)
a 7
b cbc
c orignew
d 1
e ocip
f 20
g y-gencatlg
942 ## - ADDED ENTRY ELEMENTS (KOHA)
Source of classification or shelving scheme Dewey Decimal Classification
Koha item type Books
Suppress in OPAC No
999 ## -
-- 3820
-- 3820
Holdings
Withdrawn status Lost status Source of classification or shelving scheme Damaged status Not for loan Collection Home library Current library Shelving location Date acquired Total Checkouts Full call number Barcode Date last seen Copy number Price effective from Koha item type
    Dewey Decimal Classification     Non-Fiction Footprints International School Library Network Toul Tom Poung Campus Footprints International School Library Network Toul Tom Poung Campus TTP Primary Dark Blue Bookshelves 05/15/2024   THO 370.973 LA205.F5 FISTK01746 05/15/2024 1 05/15/2024 Books
    Dewey Decimal Classification     Non-Fiction Footprints International School Library Network Toul Tom Poung Campus Footprints International School Library Network Toul Tom Poung Campus TTP Primary Dark Blue Bookshelves 09/03/2025   THO 370.973 LA205.F5 FISBK02166 09/03/2025 2 09/03/2025 Books